| 000 | 00820nam a2200229 i 4500 | ||
|---|---|---|---|
| 001 | 17297 | ||
| 003 | ES-MaACL | ||
| 005 | 20230906151538.0 | ||
| 007 | t| | ||
| 008 | 010125s1999 sp ||||0| spa j | ||
| 020 | _a84-7731-304-0 | ||
| 040 |
_aM-BN _bspa _cM-BN |
||
| 080 | _a821.134.2-4"19" | ||
| 100 | 1 |
_aFerreras, Juan Ignacio. _950525 |
|
| 245 | 1 | 0 |
_aEspaña contra la modernidad _b: cartas a Modesto Roldán sobre la educación estética de los españoles / _cJuan Ignacio Ferreras. |
| 260 |
_aMadrid : _bEndymión, _c[1999] |
||
| 300 |
_a274 p. ; _c20 cm. |
||
| 490 | 1 |
_aEnsayo (Kairós). Serie revisiones y críticas ; _v119 |
|
| 830 | 0 |
_aEnsayo (Kairós). Serie revisiones y críticas ; _v119 _9228702 |
|
| 852 |
_aES-MaACL _jL-24123 _bR.129442 _q. - Ded. autógr. del autor |
||
| 999 |
_c17297 _d17297 |
||